| 000 | 00336nam a22001457a 4500 | ||
|---|---|---|---|
| 020 | _a9788192229065 | ||
| 082 |
_a631.586 _bKAD/DR |
||
| 100 |
_aKadlag,A.D _9848 |
||
| 100 |
_aMore,T.A _9849 |
||
| 100 |
_aMate.S.N _9850 |
||
| 245 | _aDryland Agriculture | ||
| 260 |
_aNew Delhi _bAgri- Biovet Press _c2014 |
||
| 300 | _a394 | ||
| 942 | _cBK | ||
| 999 |
_c14496 _d14496 |
||